| 000 | 00737nam a22002297a 4500 | ||
|---|---|---|---|
| 003 | OSt | ||
| 005 | 20260304071359.0 | ||
| 008 | 260304b |||||||| |||| 00| 0 eng d | ||
| 020 | _a9780593133149 | ||
| 040 |
_aDWCL - Main Lib. _cOC |
||
| 082 | _aFil. 364.15 E92s 2023 | ||
| 100 | _aEvangelista, Patricia | ||
| 245 |
_aSome people need killing: _ba memoir of murder in my country / _cPatricia Evangelista |
||
| 250 | _aFirst edition. | ||
| 260 |
_aNew York : _bRandom House Publishing, _cc2023. |
||
| 300 |
_axvi, _b428 pages ; _c20 cm. |
||
| 501 | _aIncludes notes. | ||
| 650 | _a1. Extrajudicial killings -- Philippines. | ||
| 650 | _a2. Murder. | ||
| 650 | _a3. Political violence -- Philippines. | ||
| 942 |
_2ddc _cBK-FIL _n0 |
||
| 999 |
_c8623 _d8623 |
||